000 00603nam a22002417a 4500
001 40243
003 UA-OsUOA
005 20210817103224.0
007 ta
008 20060720b un ||||| |||| 00| 0 ukr d
020 _a9667953017
040 _aUA-OsUOA
_bukr
_cUA-OsUOA
_dUA-OsUOA
041 _aukr
080 _a323(039)(477)
090 _a323(039)(477)
_bХ97
245 _aХто є хто в економіці, культурі, науці Києва
260 _aК.
_c2001
300 _a464 с.
505 _gТ.3
650 7 _a32 Політика
_2UDC
942 _cBK
_2udc
955 _a4
999 _c326379
_d326379